Pensando Chile desde sus regiones
Guardado en:
| Autor principal: | |
|---|---|
| Formato: | Libro |
| Lenguaje: | español |
| Publicado: |
Temuco
Universidad de la Frontera
2009
|
| Materias: | |
| Etiquetas: |
Agregar Etiqueta
Sin Etiquetas, Sea el primero en etiquetar este registro!
|
MARC
| LEADER | 00000nam a2200000 a 4500 | ||
|---|---|---|---|
| 001 | UCH9748 | ||
| 003 | CL-VaPUC | ||
| 008 | 100121e20090000CL |||||||||||||||||spa|d | ||
| 020 | |a 9789562362030 | ||
| 082 | 0 | 4 | |a 352.283 |b BAE |2 21 |
| 100 | 0 | |a Baer, Heinrich von |e author |9 547010 | |
| 245 | 1 | 0 | |a Pensando Chile desde sus regiones |
| 300 | |a 819 p | ||
| 942 | |c BK | ||
| 945 | |d 20100121 00:00:00 |a rbrito | ||
| 260 | |a Temuco |b Universidad de la Frontera |c 2009 | ||
| 650 | 0 | |a Descentralización administrativa (administración descentralizada) |9 255464 | |
| 650 | 0 | |a Regionalización |9 255465 | |
| 650 | 0 | |a Administración pública |9 255343 | |
| 650 | 0 | |a Desarrollo económico |9 259599 | |
| 650 | 7 | |a CONECTIVIDAD DIGITAL |2 CL-VaPUC |9 547011 | |
| 650 | 7 | |a ENERGIA RENOVABLES |2 CL-VaPUC |9 525496 | |
| 650 | 0 | |a Participación ciudadana |9 330304 | |
| 583 | |a last modification |c 20100121 00:00:00 |k Rodrigo Vera | ||
| 999 | |c 339638 |d 339636 | ||
| 952 | |0 0 |1 0 |4 0 |6 352_283000000000000_BAE_2009 |7 0 |8 A |9 433404 |a BIBCUR |b BIBCUR |d 2019-11-22 |i 4637461 |o 352.283 BAE 2009 |p 4637461 |r 2025-04-22 |w 2019-11-22 |y BK |k PER | ||
| 952 | |0 0 |1 0 |4 0 |6 352_283000000000000_BAE_2009 |7 0 |8 A |9 433405 |a BIBING |b BIBING |d 2019-11-22 |i 463747K |o 352.283 BAE 2009 |p 463747K |r 2025-01-20 |w 2019-11-22 |y BK |k GEO | ||
| 952 | |0 0 |1 0 |4 0 |6 352_283000000000000_BAE_2009 |7 0 |8 A |9 433406 |a BIBAGR |b BIBAGR |d 2019-11-22 |i 465725K |o 352.283 BAE 2009 |p 465725K |r 2025-01-20 |w 2019-11-22 |y BK |k AGR | ||